[Event "Biella Province-ch"]
[Site "Valle Mosso"]
[Date "2012.03.30"]
[Round "4"]
[White "Robiolio Bose, Giancarlo"]
[Black "Pedoni, Lorenzo"]
[Result "1/2-1/2"]
[WhiteElo "1577"]
[BlackElo "1389"]
[PlyCount "158"]
[EventDate "2012.03.02"]
[EventType "swiss"]
[EventRounds "5"]
[EventCountry "ITA"]
[SourceTitle "EXT 2024"]
[Source "ChessBase"]
[SourceDate "2023.10.10"]
[SourceVersion "1"]
[SourceVersionDate "2023.10.10"]
[SourceQuality "1"]

1. c4 Nf6 2. g3 Nc6 3. Nc3 d6 4. Bg2 Bd7 5. Nf3 g6 6. a3 a5 7. b3 Bg7 8. Bb2 0-0 9. Na4 e5 10. c5 b5 11. cxb6 cxb6 12. Ng5 h6 13. Ne4 Nxe4 14. Bxe4 b5 15. Nc3 b4 16. Nd5 Be6 17. axb4 axb4 18. Rxa8 Qxa8 19. Ne7+ Kh7 20. Nxc6 d5 21. Bxg6+ fxg6 22. Nxe5 d4 23. Nf3 Bd5 24. 0-0 Bxf3 25. exf3 Qxf3 26. Qc2 Qe2 27. Qc1 Qd3 28. Qd1 Rc8 29. Re1 Rc2 30. Bc1 Qxb3 31. h4 Qd3 32. Re7 Qc4 33. d3 Rxc1 34. dxc4 Rxd1+ 35. Kg2 Rc1 36. Rc7 b3 37. Rb7 Rxc4 38. Rxb3 Rc3 39. Rb7 h5 40. Rd7 Kh6 41. f3 Rc2+ 42. Kf1 Ra2 43. g4 hxg4 44. fxg4 Kh7 45. Rd5 Ra3 46. Kg2 d3 47. Kf2 Bc3 48. Kf3 d2 49. Rd7+ Bg7+ 50. Ke2 Ra4 51. h5 Rxg4 52. hxg6+ Rxg6 53. Kxd2 Rg2+ 54. Ke3 Rg4 55. Kf3 Ra4 56. Ke3 Kg6 57. Rd6+ Kf5 58. Rd5+ Ke6 59. Rh5 Kf6 60. Rd5 Bh6+ 61. Kd3 Ke6 62. Rd4 Ra3+ 63. Kc4 Ra4+ 64. Kd3 Ra1 65. Rh4 Rd1+ 66. Ke2 Rd2+ 67. Kf3 Bg7 68. Re4+ Kd5 69. Re8 Kc6 70. Rg8 Ba1 71. Rg6+ Kd7 72. Rg2 Rd6 73. Ke3 Re6+ 74. Kd3 Ra6 75. Kc4 Rc6+ 76. Kd5 Rd6+ 77. Kc4 Rd1 78. Ra2 Bd4 79. Rc2 Bg1 1/2-1/2